00341nam a2200121Ia 4500008004100000041000800041082001600049100002600065245004500091260003900136300003300175365001100208240624s9999 xx 000 0 und d aeng a320.954 NSW aNATIONAL SOCIAL WATCH aCITIZENS REPORT ON GOVERNANCE AND DEVELO c2011aNew DelhibSage Publications axxiii, : 148 : p. : cm. ; 28 cRSb35